Religion Quiz

Random Religion or Bible Quiz

Places Paul Traveled in the Bible Quiz Stats

 Plays Quiz not verified by Sporcle

Score 0/42 Timer 08:00
0 Plays Today
Verses Countries or Cities Paul Traveled To % Correct
Acts 19:21Rome
87.8%
Acts 25:24Jerusalem
77.6%
Acts 18:1Corinth
68.6%
Acts 18:19Ephesus
64.1%
Acts 16:6Galatia
58.3%
Acts 17:15Athens
57.7%
Acts 16:12Philippi
55.8%
Acts 9:27Damascus
50.6%
Acts 13:4Cyprus
49.4%
shipwrecked-no verseMalta
49.4%
Acts 20:2Greece
45.5%
Acts 17:1Thessalonica
44.9%
Acts 11:26Antioch
42.3%
Acts 15:41Syria
35.3%
Acts 16:12Macedonia
34%
Acts 21:39Tarsus
31.4%
Acts 17:10Beriea
19.9%
Acts 14:6Lystra
19.2%
Acts 14:6Derbe
18.6%
Acts 10:24Caesarea
18.6%
Acts 16:11Troas
17.9%
Verses Countries or Cities Paul Traveled To % Correct
Acts 15:3Samaria
17.3%
Acts 13:13Perga
15.4%
Acts 16:6Phrygia
10.9%
Acts 28:12Syracuse
10.9%
Acts 20:15Samos
10.3%
Acts 20:15Miletus
10.3%
Acts 13:13Paphos
8.3%
Acts 20:13Assos
8.3%
Acts 13:13Pamphylia
7.7%
Acts 15:41Cilicia
7.7%
Acts 13:4Seleucia
6.4%
Acts 16:11Neapolis
5.8%
Acts 13:5Salamis
5.8%
Acts 20:14Mitylene
5.8%
Acts 14:25Attalia
5.1%
Acts 17:1Apollonia
5.1%
Acts 16:11Samothracia
4.5%
Romans 15:19Illyricum
4.5%
Acts 17:1Amphipolis
3.8%
Acts 14:11Lycaonia
3.2%
Acts 15:3Phenice
1.9%

You're not logged in!

Compare scores with friends on all Sporcle quizzes.
OR
Log In

Show Comments

Extras

Top Quizzes Today


Score Distribution

Your Account Isn't Verified!

In order to create a playlist on Sporcle, you need to verify the email address you used during registration. Go to your Sporcle Settings to finish the process.

Report this User

Report this user for behavior that violates our Community Guidelines.

Details: